| 000 | 00603cam a2200217 4500 | ||
|---|---|---|---|
| 008 | 090401t1997 xxu||||| |||| 00| 0 eng d | ||
| 020 | _a1860811159 | ||
| 035 | _a(Sirsi) u62415 | ||
| 041 | _aeng | ||
| 050 | _a690 | ||
| 110 | _aBuilding Research Establishment | ||
| 245 | _aDiagnosing the causes of dampness. | ||
| 260 |
_aGarston, Watford _bBuilding Research Establishment _c1997 |
||
| 300 | _a4p. : ill. ; 30cm. | ||
| 350 | _a0 | ||
| 490 |
_aBRE Good Repair Guide _v5 |
||
| 650 | _aDAMP | ||
| 690 | _aBUILDING AND CONSTRUCTION-REPAIRS AND MAINTENANCE | ||
| 942 | _n0 | ||
| 948 | _c04/03/1997 | ||
| 999 |
_c94405 _d94405 |
||